|
|
|
|
| LEADER |
00000nab a2200000 a 4500 |
| 001 |
vtls000734527 |
| 003 |
SK-MaSNL |
| 005 |
20260303205512.0 |
| 008 |
160314c xo 0 slo |
| 015 |
|
|
|a SNBRB2000/10-25570
|
| 035 |
|
|
|a CLN000086395
|
| 040 |
|
|
|a SNKBUCL
|b slo
|c SNKBUCL
|e AACR2
|
| 041 |
0 |
|
|a slo
|
| 044 |
|
|
|a xo
|c SK
|
| 080 |
|
|
|a 943.76-051"18"
|2 UDC-MRF-SK2
|
| 080 |
|
|
|a 885.4(091)"18"
|2 UDC-MRF-SK2
|
| 080 |
|
|
|a 82:929:885.4
|2 UDC-MRF-SK2
|
| 080 |
|
|
|a 2-051
|2 UDC-MRF-SK2
|
| 080 |
|
|
|a 929 Palárik, Ján
|2 UDC-MRF-SK2
|
| 080 |
|
|
|a 885.4:929
|2 UDC-MRF-SK2
|
| 100 |
1 |
|
|a Bellová, Vlasta,
|d 1954-
|4 aut
|9 235769
|
| 214 |
1 |
1 |
|a Stotridsiate výročie úmrtia kňaza, národovca a dramatika Jána Palárika
|
| 245 |
1 |
0 |
|a 130. výročie úmrtia kňaza, národovca a dramatika Jána Palárika
|c Vlasta Bellová
|
| 246 |
1 |
3 |
|a Stotridsiate výročie úmrtia kňaza, národovca a dramatika Jána Palárika
|
| 600 |
1 |
7 |
|a Palárik, Ján,
|d 1822-1870
|2 snkbucl
|9 116191
|
| 773 |
0 |
|
|x 0862-8823
|t Slovenské národné noviny
|g Roč. 11 (15), č. 20 (2000), s. 2
|
| 850 |
|
|
|a Slovenská národná knižnica v Martine
|
| 852 |
|
|
|a SNK
|b KIS3GCP
|
| 958 |
|
|
|a SK
|
| 958 |
|
|
|a LX
|
| 958 |
|
|
|a BX
|
| 958 |
|
|
|a RBX
|
| 999 |
|
|
|c 2195699
|d 2197629
|